| 000 | 00474nam a2200193Ia 4500 | ||
|---|---|---|---|
| 005 | 20240823060439.0 | ||
| 008 | 240823s9999||||xx |||||||||||||| ||und|| | ||
| 020 | _a0-240-51643-5 | ||
| 041 | _aENGLISH | ||
| 082 | _A621.3893 P2 | ||
| 100 | _aJohn Watkinson | ||
| 245 | 3 | _aAn Introduction to Digital Audio | |
| 250 | _a2nd | ||
| 260 |
_c2002 _b"Focal press,O" |
||
| 500 | _aTRANSFERED | ||
| 650 |
_aDigital Electronics _bElectronics |
||
| 942 | _cBK | ||
| 999 |
_c231151 _d231151 |
||